Gracia y el forastero

Gorde:
Xehetasun bibliografikoak
Egile nagusia: Blanco, Guillermo (Egilea)
Formatua: Liburua
Hizkuntza:gaztelania
Argitaratua: Santiago Zig-Zag 1984
Edizioa:22a. ed
Saila:Los Grandes de la Literatura Chilena, 3
Gaiak:
Etiketak: Etiketa erantsi
Etiketarik gabe, Izan zaitez lehena erregistro honi etiketa jartzen!

MARC

LEADER 00000nam a2200000 a 4500
001 UCH4043
003 CL-VaPUC
008 090818e19840000CL |||||||||||||||||spa|d
082 0 4 |a Ch863  |b BLA  |2 21 
100 0 |a Blanco, Guillermo  |e author  |9 518527 
245 1 0 |a Gracia y el forastero 
250 |a 22a. ed 
300 |a 159 p 
942 |c BK 
945 |d 20090818 00:00:00  |a lazolas 
260 |a Santiago  |b Zig-Zag  |c 1984 
650 0 |a Novelas chilenas   |9 265425 
583 |a last modification  |c 20090818 00:00:00  |k Rodrigo Vera 
490 0 |a Los Grandes de la Literatura Chilena, 3 
999 |c 335397  |d 335395